|
|
|
|
| LEADER |
02458nam a2200373 i 4500 |
| 001 |
41923 |
| 003 |
BD-DhAAL |
| 005 |
20231026122308.0 |
| 008 |
231026t2020 cau 001 0 eng |
| 010 |
|
|
|a 2019058695
|
| 020 |
|
|
|a 9781718500525
|
| 020 |
|
|
|z 9781718500532
|
| 040 |
|
|
|a DLC
|b eng
|c DLC
|e rda
|d DLC
|d DLC
|d BD-DhAAL
|
| 042 |
|
|
|a pcc
|
| 050 |
0 |
0 |
|a QA76.9.N38
|b V37 2020
|
| 082 |
0 |
0 |
|a 006.35
|2 23
|
| 100 |
1 |
|
|a Vasiliev, Yuli,
|e author.
|9 55755
|
| 245 |
1 |
0 |
|a Natural language processing with Python and spaCy :
|b a practical introduction /
|c by Yuli Vasiliev.
|
| 264 |
|
1 |
|a San Francisco :
|b No Starch Press,
|c 2020
|
| 300 |
|
|
|a xviii, 192 pages ;
|c 24 cm.
|
| 500 |
|
|
|a Includes index.
|
| 520 |
|
|
|a "Teaches the foundations of natural language processing (the task of converting human language into data a computer can process), including how to understand a user's intent, customize a statistical model, and set up a basic chatbot"--
|
| 526 |
|
|
|a CSE
|
| 541 |
|
|
|a Book Finder International
|e 41923, 41924, 41925, 41926, 41927
|
| 650 |
|
0 |
|a Natural language processing (Computer science)
|
| 650 |
|
0 |
|a Python (Computer program language)
|
| 776 |
0 |
8 |
|i Online version:
|a Vasiliev, Yuli,
|t Natural language processing using Python and spaCy
|d San Francisco : No Starch Press, Inc., [2020]
|z 9781718500532
|w (DLC) 2019058696
|
| 942 |
|
|
|2 ddc
|c BK
|
| 999 |
|
|
|c 44572
|d 44572
|
| 952 |
|
|
|0 0
|1 0
|2 ddc
|4 0
|6 006_350000000000000_VAS
|7 0
|9 74648
|a BRACUL
|b BRACUL
|c GEN
|d 2023-10-17
|e Book Finder International
|g 3266.85
|l 2
|m 20
|o 006.35 VAS
|p 3010041927
|r 2024-11-18
|s 2024-10-08
|t 5
|v 3266.85
|w 2023-10-17
|y BK
|
| 952 |
|
|
|0 0
|1 0
|2 ddc
|4 0
|6 006_350000000000000_VAS
|7 0
|9 74649
|a BRACUL
|b BRACUL
|c GEN
|d 2023-10-17
|e Book Finder International
|g 3266.85
|l 7
|m 58
|o 006.35 VAS
|p 3010041923
|r 2026-05-21
|s 2026-04-07
|t 1
|v 3266.85
|w 2023-10-17
|y BK
|
| 952 |
|
|
|0 0
|1 0
|2 ddc
|4 0
|6 006_350000000000000_VAS
|7 0
|9 74650
|a BRACUL
|b BRACUL
|c GEN
|d 2023-10-17
|e Book Finder International
|g 3266.85
|l 3
|m 48
|o 006.35 VAS
|p 3010041924
|r 2026-01-12
|s 2024-10-28
|t 2
|v 3266.85
|w 2023-10-17
|y BK
|
| 952 |
|
|
|0 0
|1 0
|2 ddc
|4 0
|6 006_350000000000000_VAS
|7 0
|9 74651
|a BRACUL
|b BRACUL
|c GEN
|d 2023-10-17
|e Book Finder International
|g 3266.85
|l 6
|m 57
|o 006.35 VAS
|p 3010041926
|q 2026-06-02
|r 2025-10-08
|s 2025-10-08
|t 4
|v 3266.85
|w 2023-10-17
|y BK
|
| 952 |
|
|
|0 0
|1 0
|2 ddc
|4 0
|6 006_350000000000000_VAS
|7 0
|9 74652
|a BRACUL
|b BRACUL
|c GEN
|d 2023-10-17
|e Book Finder International
|g 3266.85
|l 5
|m 53
|o 006.35 VAS
|p 3010041925
|r 2026-04-02
|s 2025-02-23
|t 3
|v 3266.85
|w 2023-10-17
|y BK
|